Morality without foundations: a defense of ethical contextualism (Record no. 380873)

MARC details
000 -LEADER
fixed length control field 00562nam a2200193Ia 4500
008 - FIXED-LENGTH DATA ELEMENTS--GENERAL INFORMATION
fixed length control field 191130s1999##################000#0#eng##
020 ## - INTERNATIONAL STANDARD BOOK NUMBER
ISBN 9780195117318
082 ## - DEWEY DECIMAL CLASSIFICATION NUMBER
Classification number 170.42 TIM
100 ## - MAIN ENTRY--AUTHOR NAME
Personal name Timmons, Mark
245 ## - TITLE STATEMENT
Title Morality without foundations: a defense of ethical contextualism
Statement of responsibility, etc Mark Timmons
260 ## - PUBLICATION, DISTRIBUTION, ETC. (IMPRINT)
Place of publication Oxford
Name of publisher Oxford University Press
Year of publication c1999
300 ## - PHYSICAL DESCRIPTION
Number of Pages 269 p. ; 23 cm
500 ## - GENERAL NOTE
General note Includes Index
650 ## - SUBJECT ADDED ENTRY--TOPICAL TERM
Topical Term Moral Philosophy
991 ## -
-- 265759

No items available.

Find us on the map